[Event "Chinese League"]
[Site "Ningbo CHN"]
[Date "2011.04.13"]
[Round "2"]
[White "Li, Chao b"]
[Black "Bu, Xiangzhi"]
[Result "1-0"]
[WhiteTitle "GM"]
[BlackTitle "GM"]
[WhiteElo "2646"]
[BlackElo "2677"]
[WhiteTeam "Beijing"]
[BlackTeam "Shandong"]
[WhiteFideId "8604436"]
[BlackFideId "8601445"]
[EventDate "2011.04.12"]

1. d4 Nf6 2. c4 e6 3. g3 c5 4. d5 exd5 5. cxd5 d6 6. Bg2 g6 7. Nc3 Bg7 8. Nf3
O-O 9. O-O a6 10. a4 Nbd7 11. Bf4 Qe7 12. Re1 Rb8 13. h3 Ne8 14. e4 b6 15. Qd2
Ne5 16. g4 a5 17. Rad1 f6 18. Bg3 Ba6 19. Nh4 Nc7 20. f4 Nd3 21. Re3 c4 22. b3
Bh6 23. Rf1 Nc5 24. bxc4 Bxc4 25. Rfe1 b5 26. Nf3 b4 27. Nd1 Nxa4 28. Nd4 Nb5
29. Nc6 Qc7 30. h4 Rbe8 31. g5 fxg5 32. hxg5 Bg7 33. e5 b3 34. Kh2 Qb6 35. Re4
b2 36. Ne3 Bb3 37. Rxa4 Bxa4 38. Nc4 Qc5 39. Nxb2 Qc2 40. Re2 Qxd2 41. Rxd2 Nc3
42. Nxa4 Nxa4 43. exd6 Nb6 44. Ra2 Rf7 45. Bh3 Bf8 46. Rb2 Bxd6 47. Rxb6 Re2+
48. Kh1 Rc7 49. Bg4 Re3 50. Be6+ Kg7 51. Bf2 Re4 52. Bd4+ Rxd4 53. Nxd4 Bxf4 54.
Nf3 h6 55. gxh6+ Kxh6 56. Ra6 Kh5 57. Kg2 Rc1 58. Bf7 Kg4 59. Rxg6+ Kf5 60. Re6
Kg4 61. Ne5+ Kg5 62. Nd3 Rc2+ 63. Kf3 Rc3 64. Ke2 Rc2+ 65. Ke1 Bc7 66. Kd1 Rh2
67. d6 Bd8 68. Re8 Rh1+ 69. Kc2 Rh2+ 70. Kb3 Bf6 71. d7 a4+ 72. Kxa4 Rh4+ 73.
Kb5 Rd4 74. Nc5 1-0

[Event "Chinese League"]
[Site "Ningbo CHN"]
[Date "2011.04.13"]
[Round "2"]
[White "Hou, Yifan"]
[Black "Zhao, Xue"]
[Result "1-0"]
[WhiteTitle "GM"]
[BlackTitle "GM"]
[WhiteElo "2602"]
[BlackElo "2495"]
[WhiteTeam "Shandong"]
[BlackTeam "Beijing"]
[WhiteFideId "8602980"]
[BlackFideId "8601283"]
[EventDate "2011.04.12"]

1. e4 e5 2. Nf3 Nc6 3. Bb5 a6 4. Ba4 Nf6 5. O-O Be7 6. Re1 b5 7. Bb3 d6 8. c3
O-O 9. h3 Nb8 10. d4 Nbd7 11. Nbd2 Bb7 12. Bc2 Re8 13. Nf1 Bf8 14. Ng3 g6 15. a4
c6 16. Bg5 h6 17. Bd2 Nb6 18. Bb3 c5 19. d5 Bc8 20. Be3 Bd7 21. a5 Na4 22. Qd2
Qxa5 23. Bxh6 Qd8 24. Bxf8 Rxf8 25. Ng5 Qe7 26. f4 Nh7 27. Nxh7 Kxh7 28. Rf1 Qh4
29. Kh2 Qh6 30. Rf2 f6 31. Raf1 Nb6 32. Qe1 Kg7 33. Kg1 a5 34. Rf3 b4 35. Qf2
exf4 36. Rxf4 Qg5 37. h4 Qe5 38. h5 g5 39. Nf5+ Kh7 40. Rf3 a4 41. Ba2 b3 42.
Bb1 Nc4 43. Bd3 a3 44. Bxc4 a2 45. Ra1 Bxf5 46. Rxf5 Qxe4 47. Qf1 Qe3+ 48. Kh1
Ra4 49. Rf3 Qd2 50. Bxb3 Rh4+ 51. Kg1 Qxb2 52. Bxa2 f5 53. Bb1 Kh6 54. Bxf5 g4
55. Bxg4 Rxf3 56. Bxf3 Qxc3 57. Qc1+ 1-0

[Event "Chinese League"]
[Site "Ningbo CHN"]
[Date "2011.04.13"]
[Round "2"]
[White "Gu, Xiaobing"]
[Black "Wang, Yu A."]
[Result "1-0"]
[WhiteTitle "WGM"]
[BlackTitle "IM"]
[WhiteElo "2369"]
[BlackElo "2398"]
[WhiteTeam "Shandong"]
[BlackTeam "Beijing"]
[WhiteFideId "8602611"]
[BlackFideId "8601097"]
[EventDate "2011.04.12"]

1. c4 e5 2. Nc3 Nf6 3. Nf3 Nc6 4. e4 Bb4 5. d3 d6 6. Be2 a6 7. O-O Bc5 8. Nd2
Nd4 9. Nb3 Nxb3 10. axb3 O-O 11. Kh1 Bd4 12. f4 exf4 13. Bxf4 Be6 14. Bf3 Qd7
15. Qe1 Bg4 16. Qh4 Bxf3 17. gxf3 Rfe8 18. Rad1 Re6 19. Ne2 Bxb2 20. d4 Ne8 21.
b4 Ba3 22. Qe1 Qa4 23. Rb1 Qc2 24. c5 Nf6 25. Qd2 Qc4 26. Ng3 h5 27. Rg1 dxc5
28. dxc5 g6 29. h4 a5 30. Bxc7 Bxb4 31. Qh6 Qxc5 32. Nf5 Qf8 33. Qg5 Kh7 34. Nd4
Rea6 35. e5 Nd5 36. Bd6 Bxd6 37. exd6 Rxd6 38. Rxb7 Rad8 39. f4 R8d7 40. Rxd7
Rxd7 41. f5 Qh6 42. Qg3 Nf6 43. Nf3 1-0

[Event "Chinese League"]
[Site "Ningbo CHN"]
[Date "2011.04.13"]
[Round "2"]
[White "Gao, Rui"]
[Black "Ni, Hua"]
[Result "0-1"]
[WhiteTitle "IM"]
[BlackTitle "GM"]
[WhiteElo "2435"]
[BlackElo "2646"]
[WhiteTeam "Chongqing"]
[BlackTeam "Shanghai"]
[WhiteFideId "8602387"]
[BlackFideId "8601160"]
[EventDate "2011.04.12"]

1. e4 e5 2. Nf3 Nc6 3. Bb5 Nf6 4. d3 Bc5 5. c3 O-O 6. Bg5 d6 7. Nbd2 Bb6 8. Nc4
Ne7 9. Bxf6 gxf6 10. Nxb6 axb6 11. Bc4 Ng6 12. O-O f5 13. Re1 Kh8 14. Qb3 fxe4
15. dxe4 f5 16. exf5 Bxf5 17. Re3 Qf6 18. Bf1 Nf4 19. Kh1 Rg8 20. c4 Raf8 21.
Qc3 Bd7 22. b4 Nh3 23. gxh3 Qg7 24. Ng5 Qxg5 25. Rg3 Qf4 26. Bg2 Qxf2 27. Bxb7
c6 28. b5 Rxg3 29. Qxg3 cxb5 30. cxb5 Bxb5 31. Qxf2 Rxf2 32. Kg1 Rf7 33. Rb1
Rxb7 34. Rxb5 Kg7 35. a4 Kf6 36. Kh1 Ke6 37. a5 Kd7 38. a6 Rb8 39. Rb1 b5 40.
Rg1 Ra8 41. a7 Kc6 42. Rg7 b4 43. Rxh7 b3 44. Rh4 Rxa7 0-1

[Event "Chinese League"]
[Site "Ningbo CHN"]
[Date "2011.04.13"]
[Round "2"]
[White "Zeng, Chongsheng"]
[Black "Lu, Yijie"]
[Result "0-1"]
[WhiteElo "2426"]
[BlackElo "2378"]
[WhiteTeam "Chongqing"]
[BlackTeam "Shanghai"]
[WhiteFideId "8603847"]
[BlackFideId "8604525"]
[EventDate "2011.04.12"]

1. e4 c5 2. Nf3 d6 3. d4 cxd4 4. Nxd4 Nf6 5. Nc3 a6 6. Be3 e6 7. Be2 Qc7 8. f4
b5 9. a3 Bb7 10. Bf3 Nbd7 11. f5 Nc5 12. fxe6 fxe6 13. Bg4 Nxg4 14. Qxg4 e5 15.
Nf5 g6 16. Ng3 Qd7 17. Qe2 Ne6 18. O-O Bg7 19. Rad1 O-O-O 20. Nd5 Kb8 21. Qd2
Nf4 22. Nxf4 exf4 23. Bxf4 Qc6 24. c3 h5 25. h4 Ka8 26. Bg5 Rd7 27. Bf6 Bh6 28.
Bg5 Bg7 29. Kh2 Be5 30. Bf4 Bf6 31. Be3 Be5 32. Bd4 Bxg3+ 33. Kxg3 Re8 34. Rde1
Rde7 35. Qg5 Rxe4 36. Rxe4 Qxe4 37. Kh2 Kb8 38. Rf6 Re6 39. Rf4 Qc6 40. Rf8+ Bc8
41. Qg3 Re4 42. Qf2 Rg4 43. Be3 Kb7 44. Rf7+ Bd7 45. Bf4 Kc8 46. Rf8+ Kb7 47.
Rf6 Qe4 48. Bg3 Be6 49. Rf3 Kc6 50. Qd2 Bd5 51. Rf6 Rxg3 52. Kxg3 Qg4+ 0-1

[Event "Chinese League"]
[Site "Ningbo CHN"]
[Date "2011.04.13"]
[Round "2"]
[White "Ju, Wenjun"]
[Black "Tan, Zhongyi"]
[Result "1/2-1/2"]
[WhiteTitle "WGM"]
[BlackTitle "WGM"]
[WhiteElo "2519"]
[BlackElo "2428"]
[WhiteTeam "Shanghai"]
[BlackTeam "Chongqing"]
[WhiteFideId "8603006"]
[BlackFideId "8603642"]
[EventDate "2011.04.12"]

1. d4 Nf6 2. c4 g6 3. g3 c6 4. Bg2 d5 5. cxd5 cxd5 6. Nf3 Bg7 7. Nc3 O-O 8. Ne5
e6 9. O-O Nfd7 10. Nf3 Nf6 11. Bf4 Nc6 12. Rc1 a6 13. a3 Bd7 14. Qd3 Na5 15. Ne5
Nh5 16. Be3 Rc8 17. Bf3 Nf6 18. Rc2 Be8 19. Bf4 Nd7 20. Nxd7 Bxd7 21. e4 dxe4
22. Bxe4 Bc6 23. Be5 Bxe5 24. dxe5 Qxd3 25. Bxd3 Rfd8 26. Be2 Be4 27. Rcc1 Bd3
28. Bxd3 Rxd3 29. Ne4 Rxc1 30. Rxc1 Nc6 31. f4 Rd4 32. Nf6+ Kg7 33. Ne8+ Kf8 34.
Nd6 Rd2 35. b4 Nd4 36. Rc7 Nf3+ 1/2-1/2

[Event "Chinese League"]
[Site "Ningbo CHN"]
[Date "2011.04.13"]
[Round "2"]
[White "Zhang, Xiaowen"]
[Black "Huang, Qian"]
[Result "1-0"]
[WhiteTitle "WGM"]
[BlackTitle "WGM"]
[WhiteElo "2344"]
[BlackElo "2394"]
[WhiteTeam "Shanghai"]
[BlackTeam "Chongqing"]
[WhiteFideId "8603219"]
[BlackFideId "8602689"]
[EventDate "2011.04.12"]

1. e4 c5 2. Nf3 d6 3. d4 cxd4 4. Nxd4 Nf6 5. Nc3 a6 6. a4 Qc7 7. Be2 e5 8. Nb3
Be6 9. O-O Be7 10. Be3 Nbd7 11. a5 O-O 12. Nd5 Bxd5 13. exd5 b5 14. axb6 Nxb6
15. c4 a5 16. Bd2 a4 17. Na5 Ne4 18. Nc6 Nxd2 19. Qxd2 Bf6 20. Ra3 Nd7 21. Rfa1
Nc5 22. Bd1 e4 23. Bxa4 Nd3 24. Rb1 Qb6 25. Bc2 Nxb2 26. Rb3 Nxc4 27. Qe2 Qc5
28. Rb5 Na3 29. Rxc5 Nxb1 30. Qxe4 g6 31. Ra5 Nc3 32. Qc4 Rxa5 33. Nxa5 Ra8 34.
Nb3 Ra2 35. Bd3 Kg7 36. g3 Nd1 37. Bc2 Nb2 38. Qc7 Na4 39. Bd3 Rb2 40. Nc1 Nc3
41. Bf1 Nxd5 42. Qxd6 Nc3 43. Nd3 Rd2 44. Kg2 h5 45. Qf4 Rc2 46. Qc7 Rd2 47. Ne5
Kh6 48. Nxf7+ Kg7 49. Ne5+ 1-0

[Event "Chinese League"]
[Site "Ningbo CHN"]
[Date "2011.04.13"]
[Round "2"]
[White "Yu, Ruiyuan"]
[Black "Ma, Qun"]
[Result "1-0"]
[WhiteElo "2439"]
[BlackElo "2427"]
[WhiteTeam "Jiangsu"]
[BlackTeam "Tianjin"]
[WhiteFideId "8603090"]
[BlackFideId "8603154"]
[EventDate "2011.04.12"]

1. e4 c5 2. Nf3 d6 3. d4 cxd4 4. Nxd4 Nf6 5. Nc3 e6 6. g4 h6 7. h4 Nc6 8. Rg1 d5
9. exd5 Nxd5 10. Nxd5 exd5 11. Be3 Be7 12. Qd2 Bxh4 13. O-O-O O-O 14. Nf5 Bg5
15. Bxg5 hxg5 16. f4 Re8 17. Rh1 Qc7 18. fxg5 g6 19. Nh6+ Kg7 20. Bb5 Re5 21.
Qh2 Kf8 22. Bxc6 Qe7 23. Nxf7 1-0

[Event "Chinese League"]
[Site "Ningbo CHN"]
[Date "2011.04.13"]
[Round "2"]
[White "Vijayalakshmi, Subbaraman"]
[Black "Guo, Qi"]
[Result "0-1"]
[WhiteTitle "IM"]
[WhiteElo "2431"]
[BlackElo "2331"]
[WhiteTeam "Tianjin"]
[BlackTeam "Jiangsu"]
[WhiteFideId "5004098"]
[BlackFideId "8604002"]
[EventDate "2011.04.12"]

1. b3 d5 2. Bb2 c5 3. e3 Nf6 4. f4 g6 5. Nf3 Bg7 6. g3 O-O 7. Bg2 b6 8. O-O Bb7
9. Qe2 Nbd7 10. d3 Qc7 11. Nbd2 Rad8 12. Rad1 b5 13. Ne5 Ne8 14. Ndf3 f6 15.
Nxd7 Qxd7 16. e4 d4 17. f5 Bh6 18. Bc1 Bxc1 19. Rxc1 Ng7 20. fxg6 hxg6 21. Qd2
g5 22. Rf2 c4 23. bxc4 bxc4 24. Qa5 Ba8 25. dxc4 Bxe4 26. Rd1 Qb7 27. Rxd4 Ne6
28. Rxd8 Rxd8 29. Nd2 Bxg2 30. Rxg2 Qb6+ 31. Qxb6 axb6 32. Re2 Kf7 33. Nb3 Ra8
34. c3 Ra4 35. c5 Nxc5 36. Nxc5 bxc5 37. Kf2 e5 38. Ke3 g4 39. Rb2 Kg6 40. Kd3
f5 41. Kc2 f4 42. gxf4 exf4 43. Kd3 Kg5 44. Rb5 Kh4 45. Rxc5 Kh3 46. Rh5+ Kg2
47. Rh4 Kf3 48. c4 Rxa2 49. c5 Ra8 50. Kd4 Rg8 51. c6 Ke2 52. Ke5 f3 53. c7 f2
54. Rxg4 Re8+ 55. Kd5 f1=Q 56. Re4+ Rxe4 57. c8=Q Re3 58. Qc2+ Ke1 59. Qb1+ Kf2
60. Qf5+ Rf3 61. Ke5 0-1

[Event "Chinese League"]
[Site "Ningbo CHN"]
[Date "2011.04.13"]
[Round "2"]
[White "Xu, Hanbing"]
[Black "Wan, Yunguo"]
[Result "1/2-1/2"]
[WhiteElo "2378"]
[BlackElo "2458"]
[WhiteTeam "Qingdao"]
[BlackTeam "Hebei"]
[WhiteFideId "8601658"]
[BlackFideId "8603189"]
[EventDate "2011.04.12"]

1. Nf3 Nf6 2. c4 g6 3. Nc3 Bg7 4. e4 d6 5. d4 O-O 6. Be2 e5 7. dxe5 dxe5 8. Qxd8
Rxd8 9. Bg5 Nbd7 10. Rd1 Rf8 11. Nd5 c6 12. Ne7+ Kh8 13. Be3 Re8 14. Nxc8 Rexc8
15. Ng5 Kg8 16. Bg4 Rd8 17. Bxd7 Nxd7 18. Ke2 h6 19. Nf3 Nf6 20. Nd2 Ng4 21. Bc5
f5 22. f3 Nf6 23. Be7 Rd4 24. Bc5 Rd7 25. exf5 gxf5 26. Nb3 b6 27. Rxd7 Nxd7 28.
Be3 Kf7 29. Rd1 Ke6 30. c5 Bf8 31. Bxh6 Bxc5 32. Nxc5+ Nxc5 33. Be3 Nd7 34. g3
Rh8 35. h4 f4 36. gxf4 exf4 37. Bxf4 Rxh4 38. Rd6+ Ke7 39. Bg5+ Kxd6 40. Bxh4
Kd5 41. Bg3 a6 42. Kd3 Nc5+ 43. Kc3 Ne6 44. Bf2 c5 45. Be3 b5 46. b3 Ng7 47. Kd3
Nf5 48. Bf2 Ne7 49. Be1 Ng6 50. Bg3 Ne7 51. Be1 Nf5 52. Bf2 b4 53. Be3 Nh4 54.
f4 Nf5 55. Bf2 Nd6 56. Bh4 c4+ 57. bxc4+ Nxc4 58. Be7 a5 59. f5 Ne5+ 1/2-1/2

[Event "Chinese League"]
[Site "Ningbo CHN"]
[Date "2011.04.13"]
[Round "2"]
[White "Zhai, Mo"]
[Black "Gong, Qianyun"]
[Result "0-1"]
[WhiteTitle "WFM"]
[BlackTitle "WIM"]
[WhiteElo "2136"]
[BlackElo "2232"]
[WhiteTeam "Hebei"]
[BlackTeam "Qingdao"]
[WhiteFideId "8600201"]
[BlackFideId "8602425"]
[EventDate "2011.04.12"]

1. e4 e6 2. d4 d5 3. Nc3 Nc6 4. Nf3 Nf6 5. e5 Ne4 6. Bd3 Bb4 7. Bd2 Nxd2 8. Qxd2
Bd7 9. h4 Bf8 10. a3 f5 11. Ne2 Qe7 12. Qe3 Na5 13. Nf4 g6 14. g4 fxg4 15. Nh2
O-O-O 16. Nxg4 c5 17. dxc5 Qxc5 18. O-O-O Nc6 19. Qxc5 Bxc5 20. c4 Rhf8 21. Ne2
h5 22. b4 hxg4 23. bxc5 Nxe5 24. cxd5 Ba4 25. Rd2 Rxd5 26. Be4 Rxc5+ 27. Kb1
Rxf2 28. Ka1 Nc4 29. Rd4 Rxe2 30. Bd3 Rd2 31. Rxc4 Rxc4 32. Bxc4 Rd1+ 33. Rxd1
Bxd1 34. Bxe6+ Kc7 35. Bf7 Bf3 36. h5 g3 0-1

[Event "Chinese League"]
[Site "Ningbo CHN"]
[Date "2011.04.13"]
[Round "2"]
[White "Wang, Doudou"]
[Black "Hoang, Thi Bao Tram"]
[Result "1/2-1/2"]
[BlackTitle "WGM"]
[WhiteElo "2182"]
[BlackElo "2311"]
[WhiteTeam "Hebei"]
[BlackTeam "Qingdao"]
[WhiteFideId "8603197"]
[BlackFideId "12401102"]
[EventDate "2011.04.12"]

1. d4 d5 2. c4 c6 3. Nc3 Nf6 4. Nf3 dxc4 5. a4 Bf5 6. Ne5 e6 7. f3 Bb4 8. Nxc4
O-O 9. Bg5 h6 10. Bh4 c5 11. dxc5 Bxc5 12. e4 Bh7 13. Qxd8 Rxd8 14. e5 g5 15.
Bf2 Bxf2+ 16. Kxf2 Nfd7 17. h4 Bg6 18. hxg5 hxg5 19. g3 Nc6 20. f4 Nc5 21. Be2
Nd4 22. Nd6 Nxe2 23. Kxe2 f6 24. Rad1 fxe5 25. fxe5 Rf8 26. Ke3 a5 27. Rd4 Kg7
28. Rg4 Nd7 29. Rxg5 Ra6 30. Nde4 Rf5 31. Rd1 Nxe5 32. Rxf5 Bxf5 33. Nc5 Rb6 34.
Kf4 Nf7 35. Nb5 Rc6 36. Nxb7 Rc4+ 37. Ke3 Re4+ 38. Kf2 Rxa4 39. N7d6 Nxd6 40.
Nxd6 Kf6 41. Nxf5 Kxf5 42. Rd2 Rb4 43. Rc2 e5 44. Re2 a4 45. Kg2 Rb3 46. Kf2 e4
47. Rc2 Rf3+ 48. Ke2 Rxg3 49. Rc4 Kf4 50. Rxa4 Rg2+ 51. Kf1 Rxb2 52. Ra3 Rd2 53.
Ke1 Rg2 54. Rb3 Rh2 55. Ra3 e3 1/2-1/2

[Event "Chinese League"]
[Site "Ningbo CHN"]
[Date "2011.04.13"]
[Round "2"]
[White "Liu, Guanchu"]
[Black "Yu, Lie"]
[Result "0-1"]
[BlackTitle "IM"]
[WhiteElo "2233"]
[BlackElo "2404"]
[WhiteTeam "Sichuan"]
[BlackTeam "Zhejiang"]
[WhiteFideId "8603901"]
[BlackFideId "8603715"]
[EventDate "2011.04.12"]

1. e4 e5 2. Nf3 Nc6 3. Bc4 Be7 4. d4 d6 5. Nc3 Nf6 6. h3 O-O 7. O-O a6 8. Be3
Nxe4 9. Nxe4 d5 10. Bb3 exd4 11. Nxd4 dxe4 12. Nxc6 bxc6 13. Qh5 Bd6 14. Rad1
Qe7 15. Bd4 Be6 16. Rfe1 f5 17. f3 Bxb3 18. axb3 c5 19. Bc3 e3 20. f4 Bxf4 21.
Qf3 Qe4 22. Rd7 Bh6 23. Qg3 Rf7 24. Rxf7 Kxf7 25. Qxc7+ Qe7 26. Qc6 Re8 27. Qxa6
e2 28. Qc4+ Kg6 29. Kh1 Bg5 30. Ra1 Bf6 31. Re1 Bh4 32. Rxe2 Qxe2 33. Qxh4 Qd1+
34. Kh2 Qd6+ 35. Qg3+ Qxg3+ 36. Kxg3 Re2 37. b4 cxb4 38. Bxb4 Rxc2 39. Bc3 Kf7
40. Be5 Re2 41. Bc3 g5 42. Kf3 Rc2 43. Bd4 Rc4 44. Bc3 Ke6 0-1

[Event "Chinese League"]
[Site "Ningbo CHN"]
[Date "2011.04.13"]
[Round "2"]
[White "Wu, Xibin"]
[Black "Lu, Shanglei"]
[Result "0-1"]
[WhiteTitle "IM"]
[WhiteElo "2360"]
[BlackElo "2456"]
[WhiteTeam "Sichuan"]
[BlackTeam "Zhejiang"]
[WhiteFideId "8600309"]
[BlackFideId "8603332"]
[EventDate "2011.04.12"]

1. e4 c5 2. Nf3 d6 3. d4 cxd4 4. Nxd4 Nf6 5. Nc3 g6 6. Be2 Bg7 7. O-O Nc6 8. Nb3
O-O 9. Bg5 Bd7 10. Kh1 a5 11. a4 Nb4 12. f4 Bc6 13. Bf3 Nd7 14. Nd4 Bxd4 15.
Qxd4 Nxc2 16. Qf2 Nxa1 17. Rxa1 Qb6 18. Qxb6 Nxb6 19. Bxe7 Rfe8 20. Bf6 Nc4 21.
Be2 Nd2 22. e5 Nb3 23. Rd1 dxe5 24. fxe5 Nc5 25. Bb5 Rec8 26. h3 Rc7 27. Rd8+
Rxd8 28. Bxd8 Rd7 29. Bxa5 Bxb5 30. axb5 Rd2 31. b4 Nd3 32. Ne4 Nf2+ 33. Nxf2
Rxf2 34. Bc7 Rd2 35. Kh2 Rd5 36. b6 Rb5 37. Kg3 Rxb4 38. Kf3 Rc4 0-1

[Event "Chinese League"]
[Site "Ningbo CHN"]
[Date "2011.04.13"]
[Round "2"]
[White "Wang, Xiaohui"]
[Black "Nie, Xin"]
[Result "0-1"]
[WhiteTitle "WIM"]
[WhiteElo "2218"]
[BlackElo "1970"]
[WhiteTeam "Zhejiang"]
[BlackTeam "Sichuan"]
[WhiteFideId "8603073"]
[BlackFideId "8605610"]
[EventDate "2011.04.12"]

1. d4 d5 2. c4 c6 3. Nf3 Nf6 4. Nc3 dxc4 5. a4 Bf5 6. Ne5 Nbd7 7. Nxc4 Qc7 8. g3
e5 9. dxe5 Nxe5 10. Bf4 Nfd7 11. Nxe5 Nxe5 12. Qd4 f6 13. Bg2 a5 14. O-O Rd8 15.
Qe3 Bb4 16. Rac1 Qe7 17. Ne4 O-O 18. Nc5 Kh8 19. Nb3 Qf7 20. Bxe5 fxe5 21. f4
exf4 22. Rxf4 Rde8 23. Qf3 g5 24. Rd4 g4 25. Qf2 Qxb3 26. Rxg4 Qxb2 27. Qd4+
Qxd4+ 28. Rxd4 Rxe2 0-1

[Event "Chinese League"]
[Site "Ningbo CHN"]
[Date "2011.04.14"]
[Round "3"]
[White "Yu, Lie"]
[Black "Xiu, Deshun"]
[Result "1/2-1/2"]
[WhiteTitle "IM"]
[WhiteElo "2404"]
[BlackElo "2508"]
[WhiteTeam "Zhejiang"]
[BlackTeam "Beijing"]
[WhiteFideId "8603715"]
[BlackFideId "8603693"]
[EventDate "2011.04.12"]

1. d4 Nf6 2. c4 e6 3. Nf3 d5 4. a3 c6 5. e3 Nbd7 6. Nbd2 g6 7. Bd3 Bg7 8. O-O
O-O 9. b4 e5 10. cxd5 Nxd5 11. Bb2 Qe7 12. Re1 Rd8 13. Qc2 exd4 14. Bxd4 Bxd4
15. exd4 Qf8 16. Ne4 N7f6 17. Nc5 Qd6 18. Ne5 Kg7 19. Rab1 Rb8 20. Rbd1 Re8 21.
Qd2 b6 22. Ne4 Nxe4 23. Bxe4 Be6 24. h4 f6 25. Nc4 Qd7 26. Ne3 Rbd8 27. Nxd5
Bxd5 28. Bxd5 Qxd5 29. Re3 f5 30. h5 Re4 31. Rxe4 fxe4 32. h6+ Kg8 33. Qf4 Qe6
34. Re1 Re8 35. Qc7 Qf6 36. Qxa7 Qxd4 37. Qc7 Rf8 38. Re3 c5 39. bxc5 bxc5 40.
Qe7 Qf6 41. Rxe4 Qxf2+ 42. Kh2 Qf6 43. Qxc5 g5 44. Qd5+ Kh8 45. Qe6 Qxe6 46.
Rxe6 Ra8 47. Re7 Kg8 48. Rg7+ Kh8 49. Rf7 Kg8 50. Rf3 Ra6 51. Kg3 Rxh6 52. a4
Ra6 53. Ra3 Kf7 54. a5 Ke6 55. Kg4 h6 56. Kh5 Ke5 57. Ra4 Kf5 58. g4+ Ke5 59.
Ra1 Kf4 60. Ra3 Ke4 61. Ra2 Kf3 62. Ra4 Kg3 63. Ra1 Kf2 64. Ra3 Kg2 65. Rb3 Kf2
66. Rb6 Rxa5 67. Kxh6 Kf3 68. Kh5 Kf4 69. Rf6+ Ke4 70. Rb6 Kf4 71. Rb4+ Kg3 72.
Rb8 Kf4 73. Rf8+ Ke4 74. Kh6 Rb5 75. Kg6 Ra5 76. Rf1 Rb5 77. Ra1 Kf4 78. Kh5 Rc5
79. Ra4+ Kf3 80. Ra8 Kf4 81. Rf8+ Ke4 82. Kg6 Ra5 83. Kh5 1/2-1/2

[Event "Chinese League"]
[Site "Ningbo CHN"]
[Date "2011.04.14"]
[Round "3"]
[White "Lu, Shanglei"]
[Black "Yu, Yangyi"]
[Result "1/2-1/2"]
[BlackTitle "GM"]
[WhiteElo "2456"]
[BlackElo "2652"]
[WhiteTeam "Zhejiang"]
[BlackTeam "Beijing"]
[WhiteFideId "8603332"]
[BlackFideId "8603820"]
[EventDate "2011.04.12"]

1. e4 c5 2. Nf3 e6 3. b3 Nc6 4. Bb2 d6 5. d4 cxd4 6. Nxd4 Nf6 7. Bd3 Be7 8. O-O
O-O 9. Nd2 Nxd4 10. Bxd4 e5 11. Bb2 Be6 12. Qe2 Qc7 13. Kh1 Nd7 14. Nc4 Nc5 15.
Ne3 Bg5 16. Rfd1 a5 17. c4 a4 18. Bc2 axb3 19. axb3 Qb6 20. Nd5 Bxd5 21. exd5 g6
22. Ba3 Na6 23. Qe1 Rfc8 24. g3 Bf6 25. Bc1 Nb4 26. Rxa8 Rxa8 27. Be3 Nxc2 28.
Bxb6 Nxe1 29. Rxe1 Bd8 30. Bxd8 Rxd8 31. Ra1 Kf8 32. Kg2 Rb8 33. Ra5 b6 34. Ra4
Ke7 35. g4 Kd7 36. Kf3 b5 37. Rb4 f5 38. g5 Kc7 39. cxb5 Kb6 40. Rc4 Rb7 41.
Rc6+ Kxb5 42. Rxd6 Kc5 43. Rd8 Rxb3+ 44. Kg2 Rb4 45. h3 Rd4 46. Rd7 Rxd5 1/2-1/2

[Event "Chinese League"]
[Site "Ningbo CHN"]
[Date "2011.04.14"]
[Round "3"]
[White "Wang, Jue"]
[Black "Xu, Yuhua"]
[Result "0-1"]
[BlackTitle "GM"]
[WhiteElo "2275"]
[BlackElo "2484"]
[WhiteTeam "Beijing"]
[BlackTeam "Zhejiang"]
[WhiteFideId "8604070"]
[BlackFideId "8600635"]
[EventDate "2011.04.12"]

1. e4 c6 2. d4 d5 3. e5 Bf5 4. Be3 e6 5. Nd2 Nd7 6. Ngf3 h6 7. Be2 Ne7 8. Nh4
Bh7 9. O-O c5 10. c3 Nc6 11. Nhf3 Be7 12. a3 c4 13. Ne1 O-O 14. f4 Qb6 15. Qc1
f6 16. Ndf3 fxe5 17. fxe5 Na5 18. Ra2 Nb3 19. Qd1 a5 20. g3 Rf7 21. Ng2 Raf8 22.
Nd2 Nxe5 23. Rxf7 Nxf7 24. Nxb3 cxb3 25. Ra1 Ng5 26. Nf4 Bd6 27. Bg4 Bxf4 28.
Bxf4 Ne4 29. Qe1 Bf5 30. Be2 a4 31. Kg2 Ng5 32. Bxg5 hxg5 33. Qd2 Be4+ 34. Kg1
e5 35. Rd1 Bc2 36. Rf1 Rd8 37. Bh5 exd4 38. Bf7+ Kh7 39. cxd4 Be4 40. Qxg5 Qxd4+
41. Rf2 Rd6 42. Qh4+ Rh6 43. Qd8 Rf6 44. Qg8+ Kh6 45. Qh8+ Bh7 46. Kg2 0-1

[Event "Chinese League"]
[Site "Ningbo CHN"]
[Date "2011.04.14"]
[Round "3"]
[White "Zhao, Xue"]
[Black "Ding, Yixin"]
[Result "1-0"]
[WhiteTitle "GM"]
[BlackTitle "WGM"]
[WhiteElo "2495"]
[BlackElo "2376"]
[WhiteTeam "Beijing"]
[BlackTeam "Zhejiang"]
[WhiteFideId "8601283"]
[BlackFideId "8602972"]
[EventDate "2011.04.12"]

1. Nf3 Nf6 2. c4 c5 3. d4 cxd4 4. Nxd4 Nc6 5. Nc3 g6 6. e4 Nxd4 7. Qxd4 d6 8.
Bg5 Bg7 9. Qd2 h6 10. Bf4 Be6 11. Bd3 Rc8 12. Nd5 Nxd5 13. exd5 Bf5 14. Bxf5
gxf5 15. Rc1 Qb6 16. b4 Qd4 17. Be3 Qxd2+ 18. Kxd2 e6 19. a4 a6 20. Rhd1 Kd7 21.
Ke2 h5 22. f4 Rhe8 23. Kf3 e5 24. fxe5 Bxe5 25. c5 Bg7 26. Rc4 b5 27. axb5 axb5
28. c6+ Kc7 29. Rh4 Ra8 30. Rd3 Ra4 31. Rxh5 Rxb4 32. Rxf5 Re7 33. Bg5 f6 34.
Bxf6 Bxf6 35. Rxf6 Rb1 36. Re3 Rf1+ 37. Ke2 Rxe3+ 38. Kxf1 Re5 39. Rf7+ Kc8 40.
g4 Rxd5 41. Kf2 Rc5 42. h4 Rxc6 43. g5 Kd8 44. g6 Ke8 45. h5 Rc2+ 46. Kf3 Rh2
47. Rf5 Rh3+ 48. Kf4 Rh4+ 49. Kg5 1-0

[Event "Chinese League"]
[Site "Ningbo CHN"]
[Date "2011.04.14"]
[Round "3"]
[White "Wang, Rui"]
[Black "Chen, Fan"]
[Result "0-1"]
[WhiteTitle "GM"]
[BlackTitle "FM"]
[WhiteElo "2437"]
[BlackElo "2345"]
[WhiteTeam "Hebei"]
[BlackTeam "Sichuan"]
[WhiteFideId "8601003"]
[BlackFideId "8600767"]
[EventDate "2011.04.12"]

1. d4 d5 2. Nf3 Nf6 3. c4 c6 4. Qb3 e6 5. Nc3 dxc4 6. Qxc4 b5 7. Qd3 Nbd7 8. Bg5
Be7 9. e4 O-O 10. Be2 b4 11. Na4 Nb6 12. Bxf6 gxf6 13. Nxb6 axb6 14. O-O Ra5 15.
Qe3 Kh8 16. Rfd1 Rg8 17. g3 Bb7 18. Rd2 Qc7 19. b3 Bd6 20. Kh1 f5 21. e5 Be7 22.
Kg1 c5 23. Rc1 Qc6 24. h4 cxd4 25. Rxd4 Rc5 26. Rxc5 bxc5 27. Rd2 Rg4 28. Qh6
Rg6 29. Qe3 Kg7 30. Kf1 Rg4 31. Qd3 Rd4 32. Qe3 Re4 33. Qd3 Rxe2 34. Rxe2 Qxf3
35. Qxf3 Bxf3 36. Rc2 Kg6 37. Ke1 f4 38. Rc4 fxg3 39. fxg3 Bd5 40. Rg4+ Kh6 41.
Kd2 f6 42. exf6 Bxf6 43. Rg8 Bg7 44. g4 Kg6 45. Kd3 Kf7 46. Rc8 Bd4 47. Rd8 Bf3
48. Rd7+ Kg6 49. g5 Bf2 50. Re7 Bg4 51. Rc7 Bf5+ 52. Kc4 Kh5 53. Rxc5 Bxc5 54.
Kxc5 Bb1 55. Kxb4 Bxa2 56. Ka3 Bb1 0-1